000 01639nas1a22003131i 4500
001 RU\NLR\Per\1271101
005 20260406152517.0
011 _a2410-0153
011 0 _a2411-6556
_bonline
035 _a(NLR Aleph) 011281443
090 _a10875021
_c10875021
100 _a20161117a20159999|||y0rusy50 ca
101 0 _arus
102 _aRU
110 _azy
200 1 _aНива Господня. Вестник Пензенской Духовной семинарии
_eнаучно-богословский журнал
_fПенз. духов. семинария
207 0 _a2015, вып. 1 (1) -
210 _aПенза
_cПензенская духовная семинария
_d2015 -
300 _aВ надзаг. также: Моск. патриархат, Рус. православ. церковь, Пенз. митрополия
517 1 _aВестник Пензенской духовной семинарии
601 0 2 _aПензенская духовная семинария
_jПериодические издания
_92322003
_3RU\NLR\AUTH\6601613868
686 2 _aЭ372.24-677.3я54
711 0 2 _aПензенская духовная семинария
_3RU\NLR\AUTH\889927959
_9351537
852 _aNLR
_jП38/413
942 _cSE
980 _aRUSPER